Simulácie mobilných komunikačných sietí

Gespeichert in:
Bibliographische Detailangaben
1. Verfasser: Brechtl, Ján (Verfasst von)
Weitere Verfasser: Bernát, Dušan (Betreuung Doktorarbeit)
Format: Manuskript Buch
Sprache:Slowakisch
Veröffentlicht: 2018
Schlagworte:
Online-Zugang:http://is.stuba.sk/zp/portal_zp.pl?podrobnosti=137986
Tags: Tag hinzufügen
Keine Tags, Fügen Sie das erste Tag hinzu!

MARC

LEADER 00000ntm a22000003a 4500
001 stuzp70454
003 SK-STU
005 20190329111816.3
007 ta
008 150427s2015----xo-----f-mn---000-0-slo-d
040 |a STU  |b slo 
041 0 |a slo 
044 |a xo 
100 1 |a Brechtl, Ján  |u 070400  |k Z4  |4 aut  |U FIIT Fakulta informatiky a informačných technológií  |T FIIT Ústav počítačového inžinierstva a aplikovanej informatiky  |X 72015  |U I400  |Y 672  |7 72015 
242 0 1 |a Simulation of highly dynamic networks  |y eng 
245 1 0 |a Simulácie mobilných komunikačných sietí 
260 |c 2018 
300 |a 69 s.,   |e CD-rom 
650 4 |a grafy  |2 slo 
650 4 |a komunikačné  |2 slo 
650 4 |a simulácie  |2 slo 
650 4 |a simulátor  |2 slo 
650 4 |a siete  |2 slo 
650 4 |a simulator  |2 eng 
650 4 |a graphs  |2 eng 
650 4 |a communication  |2 eng 
650 4 |a networks  |2 eng 
650 4 |a simulation  |2 eng 
700 1 |a Bernát, Dušan  |u 070400  |k Z2  |4 ths  |U FIIT Fakulta informatiky a informačných technológií  |T FIIT Ústav počítačového inžinierstva a aplikovanej informatiky  |X 1887  |U I400  |Y 672  |7 1887 
856 4 |u http://is.stuba.sk/zp/portal_zp.pl?podrobnosti=137986 
996 |b IZP20180197  |c I*DP39/18  |l II680  |s P  |a 0  |w stuzp70454_0001